| Tag |
First Indicator |
Second Indicator |
Subfields |
| LEADER |
00000cam a2200000 a 4500 |
| 001 |
in00001069003 |
| 005 |
20150929103208.0 |
| 008 |
891102s1989 orua b f000 0 eng d |
| 010 |
|
|
|a (DG92063626
|
| 035 |
|
|
|a (OCoLC)20584098
|
| 035 |
|
|
|9 AFP5753AM
|
| 040 |
|
|
|d GPO
|d DLC
|d UtOrBLW
|
| 070 |
0 |
|
|a aSD11.A46
|b no.241
|
| 072 |
|
0 |
|a F822
|a K001
|a X200
|
| 074 |
|
|
|a 83-B-6 (MF)
|
| 086 |
0 |
|
|a A 13.88:PNW-GTR-241
|
| 245 |
0 |
4 |
|a The Western Spruce budworm model :
|b structure and content /
|c Katharine A. Sheehan [and others].
|
| 264 |
|
1 |
|a Portland, Or. :
|b U.S. Dept. of Agriculture, Forest Service, Pacific Northwest Research Station,
|c [1989]
|
| 300 |
|
|
|a 70 pages :
|b illustrations ;
|c 28 cm.
|
| 336 |
|
|
|a text
|b txt
|2 rdacontent
|
| 337 |
|
|
|a unmediated
|b n
|2 rdamedia
|
| 338 |
|
|
|a volume
|b nc
|2 rdacarrier
|
| 490 |
1 |
|
|a General technical report PNW ;
|v GTR-241
|
| 500 |
|
|
|a Cover title.
|
| 500 |
|
|
|a Distributed to depository libraries in microfiche.
|
| 500 |
|
|
|a "July 1989."
|
| 504 |
|
|
|a Includes bibliographical references (pages 58-68).
|
| 650 |
|
0 |
|a Western spruce budworm
|x Simulation methods.
|
| 650 |
|
0 |
|a Western spruce budworm
|x Computer simulation.
|
| 700 |
1 |
|
|a Sheehan, Katharine A.
|
| 710 |
2 |
|
|a Pacific Northwest Research Station (Portland, Or.)
|
| 830 |
|
0 |
|a General technical report PNW ;
|v 241.
|
| 999 |
|
|
|a MARS
|
| 999 |
f |
f |
|s ab5f4acb-b1f0-3b89-ac37-aef80ad83c90
|i 9ebe03f5-4ca1-31ad-8d1b-6e4ffa3d1c78
|t 0
|
| 952 |
f |
f |
|p normal
|a Texas A&M University
|b College Station
|c Sterling C. Evans Library
|d Evans: US Documents Microfiche (3rd floor)
|t 0
|e A 13.88: PNW-GTR-241
|h Superintendent of Documents classification
|i unmediated -- volume
|m A14816455480
|
| 952 |
f |
f |
|p normal
|a Texas A&M University
|b College Station
|c Sterling C. Evans Library
|d Evans: US Documents (Annex 5th floor)
|t 0
|e A 13.88: PNW-GTR-241
|h Superintendent of Documents classification
|i unmediated -- volume
|m A14812359991
|
| 998 |
f |
f |
|a A 13.88: PNW-GTR-241
|t 0
|l Evans: US Documents Microfiche (3rd floor)
|
| 998 |
f |
f |
|a A 13.88: PNW-GTR-241
|t 0
|l Evans: US Documents (Annex 5th floor)
|